Guess The Horror Game From The Main Antagonist #3 - Statistics

General Stats
  • This quiz has been taken 64 times
  • The average score is 6 of 30
Answer Stats
Main Antagonist Horror Game % Correct
Jigsaw Saw: The Video Game
75%
Granny Granny
73%
Mr. X Resident Evil 2
68%
Opila Bird Garten of Banban
45%
Emily Emily Wants To Play
36%
The Simulacra SIMULACRA
30%
God Silent Hill 3
27%
Loutermilch Outlast II
16%
Wilson Bendy and the Dark Revival
14%
Icon of Sin Doom II
14%
Watson Scott The Watson-Scott Test
14%
Jacob Arthur Danik Dead Space 3
11%
Mr. Golfy Gone Golfing
11%
The Rat Queen Layers of Fear
11%
The Guest Hello Guest
9%
Leonardo “Leo” Kasper Manhunt 2
9%
Your Uncle A Craft Of Mine
7%
The Director Amanda the Adventurer
7%
Timmy Backrooms 1998
7%
Your Ex-Girlfriend Crimson Snow
7%
The Human Couple I Live Under Your House
7%
The Alternate Mandela Invasion
7%
The Small Man Nemeses
7%
The Bacteria NoClipVR
7%
The Moroi Phasmaphobia
7%
The Staff SCP-3008
7%
Sirenhead Sirenhead: Southpoint
7%
Ronald McDong the ball pit
7%
The Old God The Shadow Over Route 80
7%
The Intruder Stark County Threat Assessment Test
5%
No matching quizzes found
Score Distribution
Percent of People with Each Score
Percentile by Number Answered
Your Score History
You have not taken this quiz